<?xml version="1.0" encoding="UTF-8"?>
<record
    xmlns:xsi="http://www.w3.org/2001/XMLSchema-instance"
    xsi:schemaLocation="http://www.loc.gov/MARC21/slim http://www.loc.gov/standards/marcxml/schema/MARC21slim.xsd"
    xmlns="http://www.loc.gov/MARC21/slim">

  <leader>00870nam a2200277Ia 4500</leader>
  <controlfield tag="008">200830s9999||||xx |||||||||||||| ||und||</controlfield>
  <datafield tag="020" ind1=" " ind2=" ">
    <subfield code="a">9622940668</subfield>
  </datafield>
  <datafield tag="020" ind1=" " ind2=" ">
    <subfield code="a">9789622940666</subfield>
  </datafield>
  <datafield tag="041" ind1=" " ind2=" ">
    <subfield code="a">chi</subfield>
    <subfield code="h">eng</subfield>
  </datafield>
  <datafield tag="050" ind1=" " ind2=" ">
    <subfield code="a">BX7615 </subfield>
    <subfield code="b">.Q3412 1991</subfield>
  </datafield>
  <datafield tag="100" ind1=" " ind2=" ">
    <subfield code="a">Fox, George</subfield>
  </datafield>
  <datafield tag="245" ind1=" " ind2="0">
    <subfield code="a">&#x8CB4;&#x683C;&#x6D3E;&#x6587;&#x96C6;:</subfield>
    <subfield code="b"> = Quaker classics /</subfield>
    <subfield code="c">&#x4F5B;&#x514B;&#x65AF; (George Fox), &#x4F0D;&#x723E;&#x66FC; (John Woolman), &#x5DF4;&#x514B;&#x96F7; ( Robert Barclay) &#x8457;; &#x8A31;&#x7267;&#x4E16;&#x8B6F;</subfield>
  </datafield>
  <datafield tag="250" ind1=" " ind2=" ">
    <subfield code="a">2nd ed.</subfield>
  </datafield>
  <datafield tag="260" ind1=" " ind2=" ">
    <subfield code="a">&#x9999;&#x6E2F;&#xFF1A;</subfield>
    <subfield code="b">&#x57FA;&#x7763;&#x6559;&#x6587;&#x85DD;,</subfield>
    <subfield code="c">1991</subfield>
  </datafield>
  <datafield tag="300" ind1=" " ind2=" ">
    <subfield code="a">496 p.</subfield>
    <subfield code="b">;</subfield>
    <subfield code="c">21 cm.</subfield>
  </datafield>
  <datafield tag="490" ind1=" " ind2=" ">
    <subfield code="a">&#x57FA;&#x7763;&#x6559;&#x5386;&#x4EE3;&#x540D;&#x8457;&#x96C6;&#x6210;</subfield>
  </datafield>
  <datafield tag="500" ind1=" " ind2=" ">
    <subfield code="a">Translation of: Quaker classics.</subfield>
  </datafield>
  <datafield tag="650" ind1=" " ind2=" ">
    <subfield code="a">Society of Friends Doctrines.</subfield>
  </datafield>
  <datafield tag="650" ind1=" " ind2=" ">
    <subfield code="a">Society of Friends.</subfield>
  </datafield>
  <datafield tag="650" ind1=" " ind2=" ">
    <subfield code="a">Theology Early works to 1800.</subfield>
  </datafield>
  <datafield tag="700" ind1=" " ind2=" ">
    <subfield code="a">Barclay, Robert </subfield>
  </datafield>
  <datafield tag="700" ind1=" " ind2=" ">
    <subfield code="a">Woolman, John </subfield>
  </datafield>
  <datafield tag="700" ind1=" " ind2=" ">
    <subfield code="a">&#x4F5B;&#x514B;&#x65AF;</subfield>
  </datafield>
  <datafield tag="700" ind1=" " ind2=" ">
    <subfield code="a">&#x8A31;&#x7267;&#x4E16;</subfield>
  </datafield>
  <datafield tag="952" ind1=" " ind2=" ">
    <subfield code="0">0</subfield>
    <subfield code="1">0</subfield>
    <subfield code="4">0</subfield>
    <subfield code="7">0</subfield>
    <subfield code="a">GETS</subfield>
    <subfield code="b">GETS</subfield>
    <subfield code="c">GEN</subfield>
    <subfield code="d">2020-08-30</subfield>
    <subfield code="l">0</subfield>
    <subfield code="o">BX7615 .Q3412 1991</subfield>
    <subfield code="p">00012297</subfield>
    <subfield code="r">2020-08-30 00:00:00</subfield>
    <subfield code="w">2020-08-30</subfield>
    <subfield code="y">CB</subfield>
  </datafield>
  <datafield tag="999" ind1=" " ind2=" ">
    <subfield code="c">24454</subfield>
    <subfield code="d">24454</subfield>
  </datafield>
</record>
